| 000 | 00425nam a2200157 i 4500 | ||
|---|---|---|---|
| 001 | 146697 | ||
| 003 | ES-MaACL | ||
| 005 | 20230906201633.0 | ||
| 007 | t| | ||
| 008 | 070914q1918 xxk ||||1| eng d | ||
| 100 | 1 |
_aTrend, J. B. _9111316 |
|
| 245 | 1 | 0 |
_aA picture of modern Spain men & music / _cby J.B. Trend. |
| 260 |
_aLondon : _bConstable, _c[1918?] |
||
| 300 |
_aVIII, 271 p. ; _c23 cm. |
||
| 852 |
_aES-MaACL _jG-4210 |
||
| 999 |
_c146697 _d146697 |
||